Kiskunhalas gasztronómiája

Bibliográfiai részletek
Szerző: Varga Luca Kata
További közreműködők: Gundel Dr. János
Dokumentumtípus: Diplomadolgozat
Kulcsszavak:Kiskunhalas
gasztronómia
recept
Online Access:http://dolgozattar.uni-bge.hu/23182

MARC

LEADER 00000nta a2200000 i 4500
001 dolg23182
005 20200226155205.0
008 191121suuuu hu om 000 hun d
040 |a BGE Dolgozattár Repozitórium  |b hun 
041 |a hu 
100 1 |a Varga Luca Kata 
245 1 0 |a Kiskunhalas gasztronómiája  |c Varga Luca Kata  |h [elektronikus dokumentum] 
695 |a Kiskunhalas 
695 |a gasztronómia 
695 |a recept 
700 1 |a Gundel Dr. János  |e ths 
856 4 0 |u http://dolgozattar.uni-bge.hu/23182/1/Kiskunhalas_gasztron%C3%B3mi%C3%A1ja.pdf  |z Dokumentum-elérés